Alle Länderflaggen der Welt in zufälliger Reihenfolge - Statistiken

Allgemein
  • Dieses Quiz wurde 213 mal gespielt
  • Das Durchschnittsergebnis liegt bei 166 aus 196
Antwortstatistiken
Bildquiz Antwort % Korrekt
Russland
93%
Schweiz
93%
Südafrika
93%
Ukraine
93%
Albanien
92%
Brasilien
92%
China
92%
Deutschland
92%
Frankreich
92%
Georgien
92%
Indien
92%
Israel
92%
Italien
92%
Japan
92%
Kanada
92%
Luxemburg
92%
Saudi-Arabien
92%
Schweden
92%
Spanien
92%
Südkorea
92%
Ungarn
92%
Argentinien
91%
Belarus
91%
Belgien
91%
Dänemark
91%
Finnland
91%
Griechenland
91%
Indonesien
91%
Irak
91%
Iran
91%
Irland
91%
Kasachstan
91%
Kenia
91%
Kroatien
91%
Nepal
91%
Niederlande
91%
Türkei
91%
Vereinigte Staaten
91%
Zypern
91%
Ägypten
90%
Australien
90%
Bosnien und Herzegowina
90%
Island
90%
Mexiko
90%
Neuseeland
90%
Nigeria
90%
Nordmazedonien
90%
Norwegen
90%
Österreich
90%
Polen
90%
Portugal
90%
Rumänien
90%
San Marino
90%
Serbien
90%
Slowenien
90%
Vereinigtes Königreich
90%
Vietnam
90%
Afghanistan
89%
Algerien
89%
Andorra
89%
Bangladesch
89%
Bhutan
89%
Estland
89%
Katar
89%
Malta
89%
Marokko
89%
Moldawien
89%
Monaco
89%
Tschechien
89%
Tunesien
89%
Kosovo
88%
Lettland
88%
Libanon
88%
Liechtenstein
88%
Nordkorea
88%
Slowakei
88%
Sri Lanka
88%
Vatikanstadt
88%
Bulgarien
87%
Elfenbeinküste
87%
Montenegro
87%
Dominikanische Republik
86%
Jamaika
86%
Litauen
86%
Peru
86%
Singapur
86%
Bahrain
85%
Barbados
85%
Jemen
85%
Kirgisistan
85%
Madagaskar
85%
Myanmar
85%
Papua-Neuguinea
85%
Syrien
85%
Thailand
85%
Venezuela
85%
Angola
84%
Chile
84%
Ecuador
84%
Kambodscha
84%
Kolumbien
84%
Malaysia
84%
Mauretanien
84%
Mongolei
84%
Pakistan
84%
Panama
84%
Philippinen
84%
Uganda
84%
Uruguay
84%
Fidschi
83%
Föderierte Staaten von Mikronesien
83%
Honduras
83%
Kamerun
83%
Kuba
83%
Lesotho
83%
Somalia
83%
St. Lucia
83%
Vereinigte Arabische Emirate
83%
Armenien
82%
Äthiopien
82%
Botswana
82%
Brunei
82%
Ghana
82%
Kuwait
82%
Malediven
82%
Niger
82%
Palau
82%
Taiwan
82%
Tansania
82%
Tonga
82%
Tuvalu
82%
Usbekistan
82%
Zentralafrikanische Republik
82%
Aserbaidschan
81%
Burkina Faso
81%
Costa Rica
81%
Demokratische Republik Kongo
81%
Eswatini
81%
Laos
81%
Senegal
81%
Seychellen
81%
Sudan
81%
Südsudan
81%
Belize
80%
Haiti
80%
Kap Verde
80%
Marshallinseln
80%
Nicaragua
80%
Oman
80%
Paraguay
80%
Antigua und Barbuda
79%
Burundi
79%
El Salvador
79%
Jordanien
79%
Mali
79%
Nauru
79%
Republik Kongo
79%
Trinidad und Tobago
79%
Tschad
79%
Turkmenistan
79%
Bahamas
78%
Dominica
78%
Eritrea
78%
Guatemala
78%
Liberia
78%
Libyen
78%
Malawi
78%
Mauritius
78%
Dschibuti
77%
Mosambik
77%
Osttimor
77%
Samoa
77%
St. Vincent und die Grenadinen
77%
Tadschikistan
77%
Togo
77%
Äquatorial-Guinea
76%
Grenada
76%
Guinea-Bissau
76%
Kiribati
76%
Komoren
76%
Ruanda
76%
Salomonen
76%
Sierra Leone
76%
St. Kitts und Nevis
76%
Benin
75%
Bolivien
75%
Gabun
75%
Gambia
75%
Guyana
75%
Namibia
75%
Sambia
75%
São Tomé und Príncipe
75%
Simbabwe
75%
Suriname
75%
Guinea
73%
Vanuatu
73%
Keine übereinstimmenden Quizze gefunden
Verteilung der Resultate
Anzahl Personen mit jedem Resultat
Perzentil nach korrekt beantworteten Fragen
Ihre Resultats-Entwicklung
Sie haben dieses Quiz noch nicht gespielt